| 000 | 00808nam a2200229Ia 4500 | ||
|---|---|---|---|
| 003 | GCL | ||
| 005 | 20240530102623.0 | ||
| 008 | 140319s9999 xx 000 0 ara d | ||
| 040 |
_aGCL / _cGCL |
||
| 082 | 0 | 4 |
_a811.009 _bع ق |
| 100 | 1 | _aعبدالفتاح عبدالمحسن الشطى | |
| 245 | 1 | 0 |
_aقراءة فى دواوين عبدالرحمن شكرى / _cعبدالفتاح عبدالمحسن الشطى |
| 260 |
_a[S.N] : _bالهيئة المصرية العامة للكتاب ، _c1994 |
||
| 300 | _a261 ص | ||
| 490 |
_aسلسلة المكتبة الثقافية _v0 |
||
| 650 | 0 | 4 | _aالشعر العربى |
| 650 | 0 | 4 | _aالادب العربى |
| 650 | 0 | 4 | _aالعصر الحديث |
| 650 | 0 | 4 | _aدواوين وقصائد |
| 650 | 0 | 4 | _aعبدالرحمن شكرى |
| 942 |
_2ddc _cBK |
||
| 999 |
_c33470 _d33470 |
||